Quiz de Opción Múltiple - Nápoles - Estadísticas

Estadísticas generales
  • Esta prueba ha sido intentada 21 veces
  • La puntuación promedio es 7 de 10
Estadísticas de respuestas
Pregunta Respuesta % Correcto
¿Qué futbolista jugó en el SSC Nápoles y da nombre a su estadio? Diego Maradona
100%
¿Cómo se llama la pizza tradicional con tomate, mozzarella y albahaca? Margarita
94%
¿Qué palabra se refiere a alguien de Nápoles? Napolitano
89%
¿Qué ciudad romana quedó sepultada por la erupción de ese volcán? Pompeya
89%
¿Cuál de estas islas se encuentra en el Golfo de Nápoles? Capri
78%
¿Qué volcán se cierne sobre Nápoles? Monte Vesubio
78%
¿En qué región de Italia se encuentra Nápoles? Campania
72%
¿Qué crisis llevó al gobierno regional a declarar el estado de emergencia en 1994, y muchos culparon al crimen organizado? Acumulación de basura en las calles
56%
¿Quién fundó Nápoles? Los griegos
44%
¿Qué película de 2010 atrajo a multitudes de turistas a la Pizzeria da Michele? Comer, Rezar, Amar
33%
No se encontraron pruebas coincidentes
Distribución de puntuación
Porcentaje de gente con cada puntuación
Porcentaje por número respondido
Historial de tus puntuaciones
No has intentado esta prueba.